|
|
|
|
| LEADER |
01025aam a22003618a 4500 |
| 001 |
00035348 |
| 005 |
20171026081023.0 |
| 008 |
161202s2014 ||||||Viesd |
| 020 |
# |
# |
|c 80000
|a 978 604 57 0463 9
|
| 041 |
0 |
# |
|a Vie
|
| 082 |
1 |
# |
|a 394.269 597 9
|b D500L
|
| 100 |
1 |
# |
|a Đoàn, Nô
|
| 245 |
1 |
0 |
|a Du lịch lễ hội vùng đất Tây Nam Bộ
|c Đoàn Nô
|
| 260 |
# |
# |
|a Hà Nội
|b Chính trị Quốc gia
|c 2014
|
| 300 |
# |
# |
|a 180tr
|c 21cm.
|
| 653 |
# |
# |
|a Du lịch
|
| 653 |
# |
# |
|a Lễ hội
|
| 653 |
# |
# |
|a Tây Nam Bộ
|
| 653 |
# |
# |
|a Văn hóa dân gian
|
| 852 |
# |
# |
|b Kho mượn
|j KM.0019826, KM.0019827, KM.0019828, KM.0019829
|
| 852 |
# |
# |
|b Kho đọc
|j KD.0019002
|
| 852 |
# |
# |
|j KM.0019827
|j KM.0019828
|j KD.0019002
|j KM.0019826
|j KM.0019829
|
| 910 |
|
|
|d 02/12/2016
|
| 980 |
# |
# |
|a Trung tâm Học liệu Lê Vũ Hùng, Trường Đại học Đồng Tháp
|